| 000 | 01020cam a2200313 i 4500 | ||
|---|---|---|---|
| 001 | 000019402 | ||
| 003 | DO-SdBNP | ||
| 005 | 20230525092406.0 | ||
| 007 | ta | ||
| 008 | 771117s1968 sp 001 d spa d | ||
| 040 |
_aDO-SdBNP _bspa _cBNPHU _erda |
||
| 049 | _aBNGR | ||
| 082 | 4 |
_a862.6 _bV181ro, 1968 _222 |
|
| 100 | 1 |
_aValle-Inclán, Ramón del, _d1866-1936 _93325 _eautor |
|
| 245 | 1 | 0 |
_aRomance de lobos : _bcomedia bárbara dividida en tres jornadas / _cRamón del Valle-Inclán. |
| 250 | _a3a ed. | ||
| 264 |
_aMadrid : _bEspasa-Calpe _c1968. |
||
| 300 |
_a139, [18] páginas ; _c18 cm. |
||
| 336 |
_2rdacontent _atexto _btxt |
||
| 337 |
_2rdamedia _asin mediación _bn |
||
| 338 |
_2rdacarrier _avolumen _bnc |
||
| 490 | 1 |
_aAustral. Violeta: teatro y poesía _v681 |
|
| 500 | _aIncluye índice de autores | ||
| 650 | 4 |
_aTeatro español _93071 |
|
| 650 | 4 |
_aComedia española _93085 |
|
| 650 | 4 |
_aLiteratura española _9632 |
|
| 830 | 0 |
_aAustral. _pVioleta. teatro y poesía; _v681 _939559 |
|
| 942 |
_2ddc _cLBS1 |
||
| 999 |
_c18918 _d18918 |
||